000 01011nam0a22002651 4500
001 rc\1066992
005 20041129104246.2
035 _a(NLR Aleph) 006227276
090 _a6534014
_c6534014
100 _a20041129d1980 u |0rusy50 ca
101 0 _arus
102 _aRU
105 _aa |||||||||
200 1 _aРуководство к лабораторным занятиям по микробиологии
_e[Учеб. пособие для товаровед. и технол. фак. торг. вузов]
210 _aМ.
_cЭкономика
_d1980
215 _a151 с.
_cил.
_d20
300 _aЗагл. 2-го изд.: Лабораторные работы по микробиологии
320 _aБиблиогр.: с. 149
700 1 _aЛерина
_bИ. В.
_gИрма Валентиновна
701 1 _aПеденко
_bА. И.
_gАнастасия Ивановна
801 0 _aRU
_bNLR
_gpsbo
801 1 _aRU
_bELAR
_2rusmarc
852 _aNLR
_j81-3/542
942 _cBOOK
980 _aNB